<?xml version="1.0" encoding="UTF-8"?>
<collection xmlns="http://www.loc.gov/MARC21/slim">
 <record>
  <leader>00241pamaa2200097   4500</leader>
  <controlfield tag="001">0000052040</controlfield>
  <controlfield tag="005">20140108090000.0</controlfield>
  <controlfield tag="008">140108s2011                         eng  </controlfield>
  <datafield tag="245" ind1="0" ind2="0">
   <subfield code="a">Popular Mechanics : </subfield>
   <subfield code="b">vol 188 no. 7-12, 2011.</subfield>
  </datafield>
  <datafield tag="300" ind1=" " ind2=" ">
   <subfield code="a">27cm.</subfield>
  </datafield>
  <datafield tag="650" ind1="0" ind2="0">
   <subfield code="a">Journal </subfield>
  </datafield>
 </record>
</collection>
